Statistics for 333 digits of one third

Click here to take the quiz!

General Stats

  • This quiz has been taken 215 times
  • The average score is 329 of 334

Answer Stats

Digits% Correct
3
100%
3
100%
3
100%
3
100%
3
100%
3
100%
3
100%
3
100%
3
100%
3
100%
3
100%
3
100%
3
100%
3
100%
3
100%
3
100%
3
100%
3
100%
3
100%
3
100%
3
100%
3
100%
3
100%
3
100%
3
100%
3
100%
3
100%
3
100%
3
100%
3
100%
3
100%
3
100%
3
100%
3
100%
3
100%
3
100%
3
100%
3
100%
3
100%
3
100%
3
100%
3
100%
3
100%
3
100%
3
100%
3
100%
3
100%
3
100%
3
100%
3
100%
3
100%
3
100%
3
100%
3
100%
3
100%
3
100%
3
100%
3
100%
3
100%
3
100%
3
100%
3
100%
3
100%
3
100%
3
100%
3
100%
3
100%
3
100%
3
100%
3
100%
3
100%
3
100%
3
100%
3
100%
3
100%
3
100%
3
100%
3
100%
3
100%
3
100%
3
100%
3
100%
3
100%
3
100%
3
100%
3
100%
3
100%
3
100%
3
100%
3
100%
3
100%
3
100%
3
100%
3
100%
3
100%
3
100%
3
100%
3
100%
3
100%
3
100%
3
100%
3
100%
3
99%
3
99%
3
99%
3
99%
3
99%
3
99%
3
99%
3
99%
3
99%
3
99%
3
99%
3
99%
3
99%
3
99%
3
99%
3
99%
3
99%
3
99%
3
99%
3
99%
3
99%
3
99%
3
99%
3
99%
3
99%
3
99%
3
99%
3
99%
3
99%
3
99%
3
99%
3
99%
3
99%
3
99%
3
99%
3
99%
3
99%
3
99%
3
99%
3
99%
3
99%
3
99%
3
99%
3
99%
3
99%
3
99%
3
99%
3
99%
3
99%
3
99%
3
99%
3
99%
3
99%
3
99%
3
99%
3
99%
3
99%
3
99%
3
99%
3
99%
3
99%
3
99%
3
99%
3
99%
3
99%
3
99%
3
99%
3
99%
3
99%
3
99%
3
99%
3
99%
3
99%
3
99%
3
99%
3
99%
3
99%
3
99%
3
99%
0.
98%
3
98%
3
98%
3
98%
3
98%
3
98%
3
98%
3
98%
3
98%
3
98%
3
98%
3
98%
3
98%
3
98%
3
98%
3
98%
3
98%
3
98%
3
98%
3
98%
3
98%
3
98%
3
98%
3
98%
3
98%
3
98%
3
98%
3
98%
3
98%
3
97%
3
97%
3
97%
3
97%
3
97%
3
97%
3
97%
3
97%
3
97%
3
97%
3
97%
3
97%
3
97%
3
97%
3
97%
3
97%
3
97%
3
97%
3
97%
3
97%
3
97%
3
97%
3
97%
3
97%
3
97%
3
97%
3
97%
3
97%
3
97%
3
97%
3
97%
3
97%
3
97%
3
97%
3
97%
3
97%
3
97%
3
97%
3
97%
3
97%
3
97%
3
97%
3
97%
3
97%
3
97%
3
97%
3
97%
3
97%
3
97%
3
97%
3
97%
3
97%
3
97%
3
97%
3
97%
3
97%
3
97%
3
97%
3
97%
3
97%
3
97%
3
97%
3
97%
3
97%
3
97%
3
97%
3
97%
3
97%
3
97%
3
97%
3
97%
3
97%
3
97%
3
97%
3
97%
3
97%
3
97%
3
97%
3
97%
3
97%
3
97%
3
97%
3
97%
3
97%
3
97%
3
97%
3
97%
3
97%
3
97%
3
97%
3
97%
3
97%
3
97%
3
97%
3
97%
3
97%
3
97%
3
97%
3
97%
3
97%
3
97%
3
97%
3
97%
3
97%
3
97%
3
97%
3
97%
3
97%
3
97%
3
97%
3
97%
3
97%
3
97%
3
97%
3
97%
3
97%
3
97%
3
97%
3
97%
3
97%
3
97%
3
97%
3
97%
3
97%

Score Distribution

Percentile by Number Answered

Percent of People with Each Score

Your Score History

You have not taken this quiz